100 Biggest US Cities in 1950 - Statistics

General Stats
  • This quiz has been taken 9,464 times
    9,449 since last reset
  • The average score is 56 of 100
Answer Stats
Population City % Correct
7,891,957 New York City
100%
3,620,962 Chicago
97%
1,970,358 Los Angeles
97%
801,444 Boston
94%
434,462 Dallas
94%
249,276 Miami
94%
775,357 San Francisco
94%
596,163 Houston
93%
2,071,605 Philadelphia
93%
1,849,568 Detroit
92%
467,591 Seattle
91%
802,178 Washington, DC
89%
331,614 Atlanta
88%
373,628 Portland
86%
334,687 San Diego
86%
106,818 Phoenix
85%
415,786 Denver
84%
570,445 New Orleans
84%
914,808 Cleveland
83%
949,708 Baltimore
82%
856,796 St. Louis
82%
129,553 Kansas City
81%
521,718 Minneapolis
81%
132,459 Austin
80%
427,173 Indianapolis
80%
204,517 Jacksonville
80%
174,307 Nashville
80%
676,806 Pittsburgh
80%
375,901 Columbus
79%
503,998 Cincinnati
78%
456,622 Kansas City, MO
78%
408,442 San Antonio
78%
580,132 Buffalo
77%
396,000 Memphis
77%
124,681 Tampa
77%
134,042 Charlotte
76%
243,504 Oklahoma City
75%
637,392 Milwaukee
74%
137,572 Sacramento
70%
369,129 Louisville
68%
230,310 Richmond
68%
130,485 El Paso
65%
182,121 Salt Lake City
65%
134,995 Albany
64%
326,037 Birmingham
62%
311,346 St Paul
62%
251,117 Omaha
61%
248,674 Providence
61%
438,776 Newark
60%
162,399 Springfield
59%
278,778 Fort Worth
58%
177,397 Hartford
56%
182,740 Tulsa
56%
332,488 Rochester
55%
177,965 Des Moines
54%
125,629 Baton Rouge
53%
384,575 Oakland
52%
303,616 Toledo
51%
299,017 Jersey City
50%
220,583 Syracuse
49%
168,279 Wichita
48%
19,638 Savannah
47%
274,605 Akron
44%
176,515 Grand Rapids
43%
243,872 Dayton
42%
164,443 New Haven
42%
129,009 Mobile
41%
128,009 Trenton
40%
124,769 Knoxville
39%
213,513 Norfolk
37%
133,607 Fort Wayne
36%
161,721 Spokane
33%
203,486 Worcester
33%
135,449 Arlington
32%
130,803 Erie
32%
250,787 Long Beach
32%
158,709 Bridgeport
31%
133,911 Gary
31%
125,536 Scranton
31%
152,798 Yonkers
30%
106,756 Allentown
28%
110,356 Wilmington
28%
131,041 Chattanooga
27%
163,143 Flint
26%
108,287 Corpus Christi
25%
127,206 Shreveport
22%
143,673 Tacoma
22%
168,330 Youngstown
21%
115,911 South Bend
19%
120,740 Cambridge
18%
111,856 Peoria
18%
128,636 Evansville
17%
124,555 Camden
15%
112,817 Elizabeth
15%
139,336 Paterson
15%
116,912 Canton
13%
109,520 Reading
12%
109,189 New Bedford
8%
111,963 Fall River
7%
113,805 Berkeley
6%
No matching quizzes found
Score Distribution
Percent of People with Each Score
Percentile by Number Answered
Your Score History
You have not taken this quiz since the last reset